Lana del Rey Quiz - Statistics

General Stats
  • This quiz has been taken 99 times
  • The average score is 8 of 15
Answer Stats
Hint Answer % Correct
What is Lana Del Rey's real name? Elizabeth Woolridge Grant
89%
Which Lana Del Rey song features the lyrics "Blue jeans, white shirt"? Blue Jeans
87%
What was Lana Del Rey's first major label album? Born to Die
85%
Lana Del Rey released her debut album under what stage name? Lizzy Grant
81%
Which album did Lana Del Rey release in 2019? Norman Fucking Rockwell!
73%
What is the title of Lana Del Rey's fourth studio album? Norman Fucking Rockwell!
73%
What was Lana Del Rey's first single to gain significant attention? Video Games
64%
In which year was Lana Del Rey born? 1987
60%
In which city was Lana Del Rey born? New York City
55%
Lana Del Rey's song "Young and Beautiful" was featured in which film? The Great Gatsby
49%
What was the title of Lana Del Rey's first EP?
Paradise
33%
Lana Del Rey released a spoken word poetry album in 2020 under what title? Violet Bent Backwards Over the Grass
24%
Lana Del Rey performed the title track for which James Bond film? Spectre
6%
Lana Del Rey has cited which famous author as one of her influences? F. Scott Fitzgerald
2%
Lana Del Rey's music video for "Ride" was directed by whom? James Franco
0%
No matching quizzes found
Score Distribution
Percent of People with Each Score
Percentile by Number Answered
Your Score History
You have not taken this quiz